000 00440nam a2200169 a 4500
001 2310
003 CO-ViMGA
008 141112s2004 ck r 000 u spa d
040 _aCO-ViMGA
_bspa
_cCO-ViMGA
082 0 4 _a928.2 B177c
100 1 _aCalvet, Louis Jean
_951105
245 1 0 _aRoland Barthes 1915 - 1980
260 _aBarcelona :
_bGedisa,
_c1992
300 _a324 p
650 1 4 _aBARTHE, ROLAND 1915 - 1980
_951106
942 _2ddc
_cBK
999 _c14411
_d14411